Library Banner

8th Miami international conference on alternative energy sources 14-16 December 1987, Miami Beach, Florida (Record no. 52253)

MARC details
000 -LEADER
fixed length control field 00475nam a2200169Ia 4500
001 - CONTROL NUMBER
control field 54885
008 - FIXED-LENGTH DATA ELEMENTS--GENERAL INFORMATION
fixed length control field 140505s9999 xx 000 0 und d
020 ## - INTERNATIONAL STANDARD BOOK NUMBER
International Standard Book Number NA
040 ## - CATALOGING SOURCE
Transcribing agency PK-LaUMT
082 ## - DEWEY DECIMAL CLASSIFICATION NUMBER
Classification number MAL 333.74
Item number EIG-
245 ## - TITLE STATEMENT
Title 8th Miami international conference on alternative energy sources 14-16 December 1987, Miami Beach, Florida
260 ## - PUBLICATION, DISTRIBUTION, ETC. (IMPRINT)
Place of publication, distribution, etc Florida,USA:
Name of publisher, distributor, etc University of Miami,
Date of publication, distribution, etc 1987
300 ## - PHYSICAL DESCRIPTION
Extent 690 p.
546 ## - LANGUAGE NOTE
Language note EN
650 ## - SUBJECT ADDED ENTRY--TOPICAL TERM
Topical term or geographic name as entry element Energy sources
942 ## - ADDED ENTRY ELEMENTS (KOHA)
Koha item type Books
Holdings
Withdrawn status Lost status Damaged status Not for loan Home library Current library Date acquired Total Checkouts Full call number Barcode Date last seen Price effective from Koha item type
        UMT Main Campus UMT Main Campus 2014-05-05   MAL 333.74 EIG- 75912 2014-05-08 2014-05-08 Books